🎯Devine le pays avec cet indice étrange - Statistiques

Statistiques générales
  • Ce quiz a Ă©tĂ© pris 153 fois
  • Le rĂ©sultat moyen est 6 sur 15
Statistiques - réponses
Fait insolite Pays % Correct
Ce pays mange plus de fromage par habitant que n’importe quel autre. France
96%
Ce pays est connu pour avoir plus de vélos que de voitures. Pays-Bas
79%
Ce pays a plus de moutons que d’habitants. Nouvelle-Zélande
74%
Ce pays a une île infestée de serpents, interdite au public. Brésil
64%
Ce pays est traversé par l'équateur, mais ses montagnes peuvent être enneigées. Équateur
53%
Ce pays a une journée officielle pour se moquer de la France. Royaume-Uni
47%
Ce pays compte plus de pyramides que l’Égypte. Soudan
37%
Ce pays a interdit les chewing-gums pendant des années. Singapour
33%
Ce pays est le plus grand producteur mondial de cacao mais consomme très peu de chocolat. Côte d'Ivoire
27%
Ce pays a des distributeurs automatiques pour acheter de l’or. Émirats arabes unis
26%
Ce pays n’a pas d’armée permanente. Costa Rica
24%
Ce pays interdit aux gens de mourir dans une de ses villes. Norvège
22%
Ce pays a un lac qui devient rose naturellement. Sénégal
22%
Ce pays fête le Nouvel An avec des feux d’artifice tirés dans les toilettes (légalement). Danemark
20%
Ce pays utilise le plus grand nombre de langues parlées dans ses frontières. Papouasie-Nouvelle-Guinée
14%
Aucun quiz correspondant
Distribution des résultats
% des personnes avec chaque résultat
Percentile par nombre de réponses
Votre historique - résultats
Vous n’avez pas pris ce quiz